Speech for effective communication / (Record no. 4676)
[ view plain ]
| 000 -LEADER | |
|---|---|
| fixed length control field | 01048nam a22003017a 4500 |
| 003 - CONTROL NUMBER IDENTIFIER | |
| control field | URS |
| 005 - DATE AND TIME OF LATEST TRANSACTION | |
| control field | 20220117120446.0 |
| 008 - FIXED-LENGTH DATA ELEMENTS--GENERAL INFORMATION | |
| fixed length control field | 190711b ||||| |||| 00| 0 eng d |
| 020 ## - INTERNATIONAL STANDARD BOOK NUMBER | |
| International Standard Book Number | 9714203929 |
| 040 ## - CATALOGING SOURCE | |
| Description conventions | rda |
| Transcribing agency | URS |
| Language of cataloging | eng |
| 050 ## - LIBRARY OF CONGRESS CALL NUMBER | |
| Classification number | P 95.4.P6 |
| Item number | .Sp321 2003 |
| 245 ## - TITLE STATEMENT | |
| Title | Speech for effective communication / |
| Statement of responsibility, etc. | Mely M. Padilla, Ligaya C. Bicomong, Hilaria P. Dato-on, Ma. Anniedith B. Rosario, Leticia L. Sabornido. |
| 264 #1 - PRODUCTION, PUBLICATION, DISTRIBUTION, MANUFACTURE, AND COPYRIGHT NOTICE | |
| Place of production, publication, distribution, manufacture | Meycauayan, Bulacan : |
| Name of producer, publisher, distributor, manufacturer | Trinitas Publishing, Inc., |
| Date of production, publication, distribution, manufacture, or copyright notice | 2003 |
| 300 ## - PHYSICAL DESCRIPTION | |
| Extent | 232 pages : |
| Other physical details | illustrations ; |
| Dimensions | 25 cm |
| 336 ## - CONTENT TYPE | |
| Content type term | text |
| Content type code | txt |
| Source | rdacontent |
| 337 ## - MEDIA TYPE | |
| Media type term | unmediated |
| Media type code | n |
| Source | rdamedia |
| 338 ## - CARRIER TYPE | |
| Carrier type term | volume |
| Carrier type code | nc |
| Source | rdacarrier |
| 504 ## - BIBLIOGRAPHY, ETC. NOTE | |
| Bibliography, etc. note | Includes bibliographical references and index. |
| 648 ## - SUBJECT ADDED ENTRY--CHRONOLOGICAL TERM | |
| Geographic subdivision | |
| 650 ## - SUBJECT ADDED ENTRY--TOPICAL TERM | |
| Topical term or geographic name entry element | Language arts |
| 650 ## - SUBJECT ADDED ENTRY--TOPICAL TERM | |
| Topical term or geographic name entry element | English language. |
| 700 ## - ADDED ENTRY--PERSONAL NAME | |
| Relator code | author. |
| Personal name | Padilla, Mely M |
| 700 ## - ADDED ENTRY--PERSONAL NAME | |
| Relator code | author. |
| Personal name | Bicomong, Ligaya C. |
| 700 ## - ADDED ENTRY--PERSONAL NAME | |
| Relator code | author. |
| Personal name | Dato-on, Hilaria P. |
| 700 ## - ADDED ENTRY--PERSONAL NAME | |
| Relator code | author. |
| Personal name | Rosario, Ma. Anniedith B. |
| 700 ## - ADDED ENTRY--PERSONAL NAME | |
| Relator code | author. |
| Personal name | Sabornido, Leticia L. |
| 942 ## - ADDED ENTRY ELEMENTS (KOHA) | |
| Source of classification or shelving scheme | Library of Congress Classification |
| Koha item type | Filipiniana |
| Withdrawn status | Source of classification or shelving scheme | Damaged status | Not for loan | Collection code | Home library | Current library | Shelving location | Date acquired | Source of acquisition | Total Checkouts | Full call number | Barcode | Date last seen | Price effective from | Koha item type | Copy number | Date last checked out |
|---|---|---|---|---|---|---|---|---|---|---|---|---|---|---|---|---|---|
| Library of Congress Classification | Non-fiction | Antipolo College Library | Antipolo College Library | On Display | 06/02/2018 | Library Fund | P 95.4.P6 .Sp321 2003 | URSANT-00514 | 06/02/2018 | 06/02/2018 | Filipiniana | ||||||
| Library of Congress Classification | Non-fiction | Antipolo College Library | Antipolo College Library | On Display | 06/02/2018 | Library Fund | P 95.4.P6 .Sp321 2003 | URSANT-00515 | 06/02/2018 | 06/02/2018 | Filipiniana | ||||||
| Library of Congress Classification | Non-fiction | Antipolo College Library | Antipolo College Library | On Display | 06/02/2018 | Library Fund | P 95.4.P6 .Sp321 2003 | URSANT-00516 | 06/02/2018 | 06/02/2018 | Filipiniana | ||||||
| Library of Congress Classification | Non-fiction | Antipolo College Library | Antipolo College Library | On Display | 06/02/2018 | Library Fund | P 95.4.P6 .Sp321 2003 | URSANT-01461 | 06/02/2018 | 06/02/2018 | Filipiniana | ||||||
| Library of Congress Classification | Non-fiction | Antipolo College Library | Antipolo College Library | On Display | 06/02/2018 | Library Fund | P 95.4.P6 .Sp321 2003 | URSANT-01463 | 06/02/2018 | 06/02/2018 | Filipiniana | ||||||
| Library of Congress Classification | Non-fiction | Antipolo College Library | Antipolo College Library | On Display | 06/02/2018 | Library Fund | P 95.4.P6 .Sp321 2003 | URSANT-01464 | 06/02/2018 | 06/02/2018 | Filipiniana | ||||||
| Library of Congress Classification | Non-fiction | Antipolo College Library | Antipolo College Library | On Display | 06/02/2018 | Library Fund | P 95.4.P6 .Sp321 2003 | URSANT-01465 | 06/02/2018 | 06/02/2018 | Filipiniana | ||||||
| Library of Congress Classification | Non-fiction | Antipolo College Library | Antipolo College Library | On Display | 06/02/2018 | Library Fund | P 95.4.P6 .Sp321 2003 | URSANT-01467 | 06/02/2018 | 06/02/2018 | Filipiniana | ||||||
| Library of Congress Classification | Non-fiction | Antipolo College Library | Antipolo College Library | On Display | 06/02/2018 | Library Fund | P 95.4.P6 .Sp321 2003 | URSANT-01468 | 06/02/2018 | 06/02/2018 | Filipiniana | ||||||
| Library of Congress Classification | Non-fiction | Antipolo College Library | Antipolo College Library | On Display | 06/02/2018 | Library Fund | P 95.4.P6 .Sp321 2003 | URSANT-01470 | 06/02/2018 | 06/02/2018 | Filipiniana | ||||||
| Cardona College LIbrary | Cardona College LIbrary | 08/30/2017 | PN 4121 .Sp3 2003 | URSCAR-1213 | 08/30/2017 | 08/30/2017 | Filipiniana | ||||||||||
| Cardona College LIbrary | Cardona College LIbrary | 08/30/2017 | PN 4121 .Sp3 2003 | URSCAR-1214 | 08/30/2017 | 12/19/2018 | Filipiniana | ||||||||||
| Cardona College LIbrary | Cardona College LIbrary | 08/30/2017 | PN 4121 .Sp3 2003 | URSCAR-1215 | 08/30/2017 | 12/19/2018 | Filipiniana | ||||||||||
| Cardona College LIbrary | Cardona College LIbrary | 08/30/2017 | PN 4121 .Sp3 2003 | URSCAR-1216 | 08/30/2017 | 12/19/2018 | Filipiniana | ||||||||||
| Cardona College LIbrary | Cardona College LIbrary | 08/30/2017 | PN 4121 .Sp3 2003 | URSCAR-1217 | 08/30/2017 | 12/19/2018 | Filipiniana | ||||||||||
| Cardona College LIbrary | Cardona College LIbrary | 08/30/2017 | PN 4121 .Sp3 2003 | URSCAR-1218 | 08/30/2017 | 08/30/2017 | Filipiniana | ||||||||||
| Library of Congress Classification | Non-fiction | Cardona College LIbrary | Cardona College LIbrary | General Stacks | 10/11/2019 | PN 4121 .Sp3 2003 | URSCAR-258 | 10/11/2019 | 10/11/2019 | Filipiniana | |||||||
| Library of Congress Classification | Non-fiction | Cardona College LIbrary | Cardona College LIbrary | General Stacks | 10/11/2019 | PN 4121 .Sp3 2003 | URSCAR-259 | 10/11/2019 | 10/11/2019 | Filipiniana | |||||||
| Library of Congress Classification | Non-fiction | Cardona College LIbrary | Cardona College LIbrary | General Stacks | 10/11/2019 | PN 4121 .Sp3 2003 | URSCAR-260 | 10/11/2019 | 10/11/2019 | Filipiniana | |||||||
| Library of Congress Classification | Non-fiction | Cardona College LIbrary | Cardona College LIbrary | General Stacks | 10/11/2019 | PN 4121 .Sp3 2003 | URSCAR-261 | 10/11/2019 | 10/11/2019 | Filipiniana | |||||||
| Library of Congress Classification | Non-fiction | Cardona College LIbrary | Cardona College LIbrary | General Stacks | 10/11/2019 | PN 4121 .Sp3 2003 | URSCAR-262 | 10/11/2019 | 10/11/2019 | Filipiniana | |||||||
| Library of Congress Classification | Non-fiction | Cardona College LIbrary | Cardona College LIbrary | General Stacks | 10/11/2019 | PN 4121 .Sp3 2003 | URSCAR-263 | 10/11/2019 | 10/11/2019 | Filipiniana | |||||||
| Library of Congress Classification | Non-fiction | Cardona College LIbrary | Cardona College LIbrary | General Stacks | 10/11/2019 | PN 4121 .Sp3 2003 | URSCAR-264 | 10/11/2019 | 10/11/2019 | Filipiniana | |||||||
| Library of Congress Classification | Non-fiction | Cardona College LIbrary | Cardona College LIbrary | General Stacks | 10/11/2019 | PN 4121 .Sp3 2003 | URSCAR-265 | 10/11/2019 | 10/11/2019 | Filipiniana | |||||||
| Library of Congress Classification | Non-fiction | Cardona College LIbrary | Cardona College LIbrary | General Stacks | 10/11/2019 | PN 4121 .Sp3 2003 | URSCAR-266 | 10/11/2019 | 10/11/2019 | Filipiniana | |||||||
| Library of Congress Classification | Non-fiction | Cardona College LIbrary | Cardona College LIbrary | General Stacks | 10/11/2019 | PN 4121 .Sp3 2003 | URSCAR-267 | 10/11/2019 | 10/11/2019 | Filipiniana | |||||||
| Library of Congress Classification | Non-fiction | Cardona College LIbrary | Cardona College LIbrary | General Stacks | 10/11/2019 | PN 4121 .Sp3 2003 | URSCAR-268 | 10/11/2019 | 10/11/2019 | Filipiniana | |||||||
| Library of Congress Classification | Non-fiction | Cardona College LIbrary | Cardona College LIbrary | General Stacks | 10/11/2019 | PN 4121 .Sp3 2003 | URSCAR-269 | 10/11/2019 | 10/11/2019 | Filipiniana | |||||||
| Library of Congress Classification | Non-fiction | Cardona College LIbrary | Cardona College LIbrary | General Stacks | 10/11/2019 | PN 4121 .Sp3 2003 | URSCAR-270 | 10/11/2019 | 10/11/2019 | Filipiniana | |||||||
| Library of Congress Classification | Non-fiction | Cardona College LIbrary | Cardona College LIbrary | General Stacks | 10/11/2019 | PN 4121 .Sp3 2003 | URSCAR-271 | 10/11/2019 | 10/11/2019 | Filipiniana | |||||||
| Library of Congress Classification | Non-fiction | Pililla College Library | Pililla College Library | General Stacks | 08/23/2017 | 410 Sp3 2003 | URSPIL-705. | 05/31/2019 | 08/23/2017 | Filipiniana | 1 | ||||||
| Library of Congress Classification | Non-fiction | Pililla College Library | Pililla College Library | General Stacks | 08/23/2017 | 410 Sp3 2003 | URSPIL-706 | 05/31/2019 | 08/23/2017 | Filipiniana | 2 | ||||||
| Library of Congress Classification | Non-fiction | Pililla College Library | Pililla College Library | General Stacks | 08/23/2017 | 410 Sp3 2003 | URSPIL-707 | 05/31/2019 | 08/23/2017 | Filipiniana | 3 | ||||||
| Library of Congress Classification | Non-fiction | Pililla College Library | Pililla College Library | General Stacks | 08/23/2017 | 410 Sp3 2003 | URSPIL-708 | 05/31/2019 | 08/23/2017 | Filipiniana | 4 | ||||||
| Library of Congress Classification | Non-fiction | Pililla College Library | Pililla College Library | General Stacks | 08/23/2017 | 410 Sp3 2003 | URSPIL-709 | 05/31/2019 | 08/23/2017 | Filipiniana | 5 | ||||||
| Library of Congress Classification | Non-fiction | Pililla College Library | Pililla College Library | General Stacks | 08/23/2017 | 410 Sp3 2003 | URSPIL-710 | 05/31/2019 | 08/23/2017 | Filipiniana | 6 | ||||||
| Library of Congress Classification | Non-fiction | Pililla College Library | Pililla College Library | General Stacks | 08/23/2017 | 410 Sp3 2003 | URSPIL-711 | 05/31/2019 | 08/23/2017 | Filipiniana | 7 | ||||||
| Library of Congress Classification | Non-fiction | Pililla College Library | Pililla College Library | General Stacks | 08/23/2017 | 410 Sp3 2003 | URSPIL-712 | 05/31/2019 | 08/23/2017 | Filipiniana | 8 | ||||||
| Library of Congress Classification | Non-fiction | Pililla College Library | Pililla College Library | General Stacks | 08/23/2017 | 410 Sp3 2003 | URSPIL-713 | 05/31/2019 | 08/23/2017 | Foreign Books | 9 | ||||||
| Library of Congress Classification | Non-fiction | Pililla College Library | Pililla College Library | General Stacks | 08/23/2017 | 410 Sp3 2003 | URSPIL-714 | 05/31/2019 | 08/23/2017 | Foreign Books | 10 | ||||||
| Library of Congress Classification | Non-fiction | Tanay College Library | Tanay College Library | General Stacks | 07/27/2022 | LB 15 P134 2003 | URSTAN-N557 | 06/21/2017 | 02/03/2015 | Filipiniana | |||||||
| Library of Congress Classification | Non-fiction | Tanay College Library | Tanay College Library | General Stacks | 07/27/2022 | LB15 P134 2003 | URSTAN-N558 | 02/03/2015 | 02/03/2015 | Filipiniana | |||||||
| Library of Congress Classification | Non-fiction | Tanay College Library | Tanay College Library | General Stacks | 07/27/2022 | LB 15 P134 2003 | URSTAN-N559 | 06/21/2017 | 02/03/2015 | Filipiniana | |||||||
| Library of Congress Classification | Non-fiction | Tanay College Library | Tanay College Library | Reserve Section | 07/27/2022 | 1 | LB15 .P134 2003 | URSTAN-N561 | 12/06/2018 | 02/03/2015 | Filipiniana | 06/07/2017 | |||||
| Library of Congress Classification | Non-fiction | Tanay College Library | Tanay College Library | General Stacks | 07/27/2022 | LB15 P134 2003 | URSTAN-N562 | 02/03/2015 | 02/03/2015 | Filipiniana | |||||||
| Library of Congress Classification | Non-fiction | Tanay College Library | Tanay College Library | General Stacks | 07/27/2022 | LB15 P134 2003 | URSTAN-N563 | 02/03/2015 | 02/03/2015 | Filipiniana | |||||||
| Library of Congress Classification | Non-fiction | Tanay College Library | Tanay College Library | General Stacks | 07/27/2022 | LB15 P134 2003 | URSTAN-N564 | 02/03/2015 | 02/03/2015 | Filipiniana | |||||||
| Library of Congress Classification | Non-fiction | Tanay College Library | Tanay College Library | General Stacks | 07/27/2022 | LB15 P134 2003 | URSTAN-N565 | 02/03/2015 | 02/03/2015 | Filipiniana | |||||||
| Library of Congress Classification | Non-fiction | Tanay College Library | Tanay College Library | General Stacks | 07/27/2022 | LB15 P134 2003 | URSTAN-N566 | 04/17/2017 | 02/03/2015 | Filipiniana | |||||||
| Library of Congress Classification | Non-fiction | Tanay College Library | Tanay College Library | General Stacks | 07/27/2022 | LB 15 P134 2003 | URSTAN-N539 | 06/21/2017 | 02/05/2015 | Filipiniana | |||||||
| Library of Congress Classification | Non-fiction | Tanay College Library | Tanay College Library | General Stacks | 07/27/2022 | LB 15 P134 2003 | URSTAN-537 | 03/11/2015 | 03/11/2015 | Filipiniana | |||||||
| Library of Congress Classification | Non-fiction | Tanay College Library | Tanay College Library | General Stacks | 07/27/2022 | LB 15 P134 2003 | URSTAN-N536 | 06/21/2017 | 03/17/2015 | Filipiniana | |||||||
| Library of Congress Classification | Non-fiction | Tanay College Library | Tanay College Library | General Stacks | 07/27/2022 | LB 15 P134 2003 | URSTAN-N318 | 03/19/2015 | 03/19/2015 | Filipiniana | |||||||
| Library of Congress Classification | Non-fiction | Tanay College Library | Tanay College Library | General Stacks | 07/27/2022 | LB15 P134 2003 | URSTAN-N540 | 04/05/2016 | 04/05/2016 | Filipiniana | |||||||
| Library of Congress Classification | Non-fiction | Tanay College Library | Tanay College Library | General Stacks | 07/27/2022 | LB15 P134 2003 | URSTAN-N321 | 04/05/2016 | 04/05/2016 | Filipiniana | |||||||
| Library of Congress Classification | Non-fiction | Tanay College Library | Tanay College Library | General Stacks | 07/27/2022 | LB15 P134 2003 | URSTAN-N322 | 04/05/2016 | 04/05/2016 | Filipiniana | |||||||
| Library of Congress Classification | Non-fiction | Tanay College Library | Tanay College Library | General Stacks | 07/27/2022 | LB15 P134 2003 | URSTAN-N538 | 04/05/2016 | 04/05/2016 | Filipiniana | |||||||
| Library of Congress Classification | Non-fiction | Tanay College Library | Tanay College Library | General Stacks | 07/27/2022 | LB15 P134 2003 | URSTAN-N320 | 05/16/2016 | 05/16/2016 | Filipiniana | |||||||
| Library of Congress Classification | Non-fiction | Tanay College Library | Tanay College Library | General Stacks | 07/27/2022 | LB15 P134 2003 | URSTAN-N319 | 06/21/2017 | 06/19/2017 | Filipiniana | |||||||
| Library of Congress Classification | Tanay College Library | Tanay College Library | 07/27/2022 | LB15 .P134 2003 | URSTAN-N560 | 01/23/2020 | 01/23/2020 | Filipiniana |